Couronnes d'Europe - Statistiques

Statistiques générales
  • Ce quiz a été pris 10 fois
  • Le résultat moyen est 11 sur 24
Statistiques - réponses
Par images Hint Réponse % Correct
en activité Espagne
100%
en activité Vatican
88%
1602 - 1918 Autriche
75%
en activité Royaume-Uni
75%
en activité Danemark
63%
1852 - 1870 France
63%
en activité Liechtenstein
63%
en activité Norvège
63%
1817 - 1910 Portugal
63%
1908 - 1946 Bulgarie
50%
en activité Luxembourg
50%
1762 - 1917 Russie
50%
en activité Suède
50%
en activité Belgique
38%
en activité Monaco
38%
1320 - 1794 Pologne
38%
1881 - 1947 Roumanie
38%
1000 - 1916 Hongrie
25%
en activité Pays-Bas
25%
962 - 1806 * Saint Empire romain germanique
25%
1075 - 1527 Croatie
13%
500 - 1946 * Lombardie
13%
1806 - 1918 * Bavière
0%
1346 - 1836 * Bohème
0%
Aucun quiz correspondant
Distribution des résultats
% des personnes avec chaque résultat
Percentile par nombre de réponses
Votre historique - résultats
Vous n’avez pas pris ce quiz